[Event "CAPA 4/I/07 email"]
[Site "Argentina"]
[Date "2000.??.??"]
[Round "4"]
[White "Aberbach Peltzman, Angel Sergio"]
[Black "Meloni, Wilfrido Jesus"]
[Result "1/2-1/2"]
[WhiteElo "2295"]
[BlackElo "2100"]
[PlyCount "53"]
[EventDate "2000.??.??"]
[EventType "tourn (corr)"]
[EventRounds "6"]
[EventCountry "ARG"]
[SourceTitle "Corr 2002"]
[Source "ChessBase"]
[SourceDate "2002.05.23"]
[SourceVersion "1"]
[SourceVersionDate "2002.05.23"]
[SourceQuality "1"]

1. d4 e6 2. e4 d5 3. e5 c5 4. Nf3 cxd4 5. Bd3 Nc6 6. 0-0 Qc7 7. Re1 Bc5 8. a3 a6 9. b4 Ba7 10. Bf4 Nge7 11. Nbd2 f5 12. Nb3 Ng6 13. Bd2 b5 14. Rc1 0-0 15. c3 dxc3 16. Rxc3 Bb7 17. Ng5 Ngxe5 18. Nxe6 Qf7 19. Nxf8 d4 20. Nd7 dxc3 21. Nxe5 Nxe5 22. Rxe5 cxd2 23. Nxd2 Rd8 24. Rxf5 Qd7 25. Bc2 g6 26. Bb3+ Kh8 27. Rf7 1/2-1/2

[Event "CAPA 4/I/07 email"]
[Site "Argentina"]
[Date "2000.??.??"]
[Round "6"]
[White "Meloni, Wilfrido Jesus"]
[Black "Fernandez, Esteban Domingo"]
[Result "1-0"]
[WhiteElo "2100"]
[BlackElo "2100"]
[PlyCount "71"]
[EventDate "2000.??.??"]
[EventType "tourn (corr)"]
[EventRounds "6"]
[EventCountry "ARG"]
[SourceTitle "Corr 2002"]
[Source "ChessBase"]
[SourceDate "2002.05.23"]
[SourceVersion "1"]
[SourceVersionDate "2002.05.23"]
[SourceQuality "1"]

1. d4 Nf6 2. c4 c5 3. dxc5 e6 4. b4 a5 5. b5 Bxc5 6. e3 0-0 7. Bb2 d5 8. cxd5 Nxd5 9. Nd2 Nd7 10. Rc1 b6 11. e4 Nf4 12. Qf3 e5 13. Ne2 Bb4 14. Nxf4 Bxd2+ 15. Kxd2 exf4 16. Qxf4 Nc5+ 17. Ke1 Re8 18. f3 Be6 19. Rd1 Qe7 20. a3 Rad8 21. Rxd8 Rxd8 22. Be2 Bb3 23. Kf2 a4 24. Rc1 f6 25. Kg1 Qd7 26. e5 Qd2 27. Bc4+ Bxc4 28. Qxc4+ Kh8 29. Qc3 Qe2 30. Re1 Rd1 31. Rxd1 Qxd1+ 32. Kf2 f5 33. e6 Nxe6 34. Qc8+ Nd8 35. Qxf5 Qd2+ 36. Kg3 1-0

[Event "EM/4/I/07 email"]
[Site "CAPA email"]
[Date "2000.??.??"]
[Round "2"]
[White "Meloni, Wilfrido Jesus"]
[Black "Pere, Marcelo"]
[Result "1/2-1/2"]
[WhiteElo "2100"]
[BlackElo "2100"]
[PlyCount "58"]
[EventDate "2000.02.20"]
[EventType "tourn (corr)"]
[EventRounds "10"]
[SourceTitle "Corr 2002"]
[Source "ChessBase"]
[SourceDate "2002.05.23"]
[SourceVersion "1"]
[SourceVersionDate "2002.05.23"]
[SourceQuality "1"]

1. d4 Nf6 2. c4 e6 3. Nc3 d5 4. Nf3 Nbd7 5. Bg5 c6 6. e3 Qa5 7. Rc1 Ne4 8. cxd5 exd5 9. Qb3 Nb6 10. Bf4 Be7 11. a3 0-0 12. Be2 Nxc3 13. Qxc3 Qxc3+ 14. Rxc3 Bf5 15. 0-0 Rac8 16. Rfc1 Be6 17. Bd3 f6 18. h3 Nc4 19. R1c2 b5 20. b4 Ra8 21. Bc7 Bd8 22. Bxd8 Rfxd8 23. Nd2 a5 24. bxa5 Rxa5 25. Nb1 Rda8 26. Rb3 R5a6 27. Rcc3 Na5 28. Rb4 Nc4 29. Rbb3 Na5 1/2-1/2